Platero y yo

Gespeichert in:
Bibliographische Detailangaben
1. Verfasser: Jiménez, Juan Ramón
Format: Buch
Sprache:Undetermined
Veröffentlicht: Madrid, España Taurus Ediciones 1973
Ausgabe:8
Schlagworte:
Tags: Tag hinzufügen
Keine Tags, Fügen Sie den ersten Tag hinzu!

MARC

LEADER 00000nam a2200000Ia 4500
008 170316s9999 xx 000 0 und d
040 |a cru BVZT 
090 |a 862 J-4p 
100 |a Jiménez, Juan Ramón 
245 |a Platero y yo 
250 |a 8 
260 |a Madrid, España 
260 |b Taurus Ediciones 
260 |c 1973 
300 |a 260 páginas 
650 |a LITERATURA ESPAÑOLA 
650 |a NOVELA 
999 |c 10032  |d 10032 
942 |c 15 D  |h 862 J-4p  |2 z